| 000 | 00536nam a2200157Ia 4500 | ||
|---|---|---|---|
| 008 | 170221s9999 xx 000 0 und d | ||
| 100 | _aFunda Erzurum | ||
| 245 | _aHealth Communication through Social MediaEvaluation of Communication Opportunities Offered By Social Networks to Health Care Institutions | ||
| 245 | _cFunda Erzurum | ||
| 260 | _bOnline Journal of Communication and Media Technologies | ||
| 260 | _c2014 | ||
| 300 | _a34 : 8 | ||
| 650 | _xCommunication | ||
| 650 | _xMedia Arts | ||
| 856 | _uhttp://www.ojcmt.net/ | ||
| 999 |
_c310836 _d310836 |
||